| 000 | 00462nam a2200181Ia 4500 | ||
|---|---|---|---|
| 008 | 240925s9999 xx 000 0 und d | ||
| 020 | _a495908819 | ||
| 082 | _a121 CHA | ||
| 100 | _aChaffee, John | ||
| 245 | 0 | _aThinking Critically | |
| 250 | _a10th | ||
| 260 |
_aAustralia: _bCENGAGE Learning _c,2012. |
||
| 300 |
_a9.79E+12p. _bNil _fOriginal |
||
| 500 | _aIncludes Index | ||
| 600 | _aHumanities & Natural Science | ||
| 650 | _aPsychology | ||
| 942 | _cBK | ||
| 999 |
_c13481 _d13481 |
||